| 000 | 00948nam a22002297a 4500 | ||
|---|---|---|---|
| 999 |
_c1394 _d1394 |
||
| 003 | AR-CdUCM | ||
| 008 | 190226b ||||| |||| 00| 0 spa d | ||
| 020 | _a9972691543 | ||
| 040 |
_aMUNICIPALIDAD PROVINCIAL DEL CUSCO _cBIBLIOTECA MUNICIPAL DEL CUSCO |
||
| 082 |
_a320.985 / _bAU88 |
||
| 100 |
_aAuroi, Claude _95306 |
||
| 245 |
_a¿A dónde va el Perú? : _bBalance del fujimorismo y preguntas para el futuro / |
||
| 260 |
_aCusco : _bCentro de Estudios Regionales Andinos Bartolomé de Las Casas; _c2002. |
||
| 300 |
_a160 paginas ; _c21 cm. |
||
| 505 | _aFujimorismo, organizaciones sociales y clientelismo -- La política económica del fujimorismo -- Perú: Los desafíos del desempleo y la pobreza -- Hacia la restauración de lo político ... | ||
| 650 |
_aPolítica económica _91407 |
||
| 650 |
_a1990-2000 _95307 |
||
| 650 |
_aFujimorismo _95308 |
||
| 700 |
_aBossio, Sandra _95309 |
||
| 942 |
_2ddc _cLIBROS |
||
| 945 |
_arum _d2019-02-26 |
||